Practical dictionary of agricultural English

Đã lưu trong:
Bibliografiske detaljer
Hovedforfatter: Motosuke Suzuki
Format: Bog
Sprog:Undetermined
Udgivet: Tokyo, Japan Nogyotosho
Fag:
Tags: Tilføj Tag
Ingen Tags, Vær først til at tagge denne postø!
Thư viện lưu trữ: Trung tâm Học liệu Trường Đại học Cần Thơ
LEADER 00509nam a2200169Ia 4500
001 CTU_26585
008 210402s9999 xx 000 0 und d
082 |a 630 
082 |b S968 
100 |a Motosuke Suzuki 
245 0 |a Practical dictionary of agricultural English 
245 0 |c Motosuke Suzuki 
260 |a Tokyo, Japan 
260 |b Nogyotosho 
650 |a agriculture - terminology,english language - dictionaries 
904 |i Minh, 981014 
980 |a Trung tâm Học liệu Trường Đại học Cần Thơ